000 01854nam a2200409 i 4500
003 DO-SdBNP
005 20250630100925.0
007 ta
008 230112e2004 dr a|||gr|||| 001 edspa d
020 _a8489539836
040 _aDO-SdBNP
_bspa
_cBNPHU
_erda
082 4 _222
_a972.93054
_bG993e 2004
100 1 _aGuzmán R., Leandro,
_d1932-
_931347
_eautor
245 1 0 _a1J4 de espigas y de fuegos :
_baportes para la memoria necesaria, testimonios de un militante /
_cLeandro Guzmán R. ; Prólogo, Tony Raful.
246 1 3 _a14 de junio de espigas y de fuegos
246 1 3 _aUno j cuatro, espigas y de fuegos
246 1 3 _aCatorce j de espigas y de fuegos
250 _a2da. ed.
264 _aSanto Domingo :
_bDe Coloresm
_c2004.
300 _a305 páginas :
_bilustraciones, retratos ;
_c23 cm
336 _2rdacontent
_atexto
_btxt
337 _2rdamedia
_asin mediación
_bn
338 _2rdacarrier
_avolumen
_bnc
500 _aIncluye referencias bibliográficas y notas al pie de las páginas e índice onomástico.
500 _aIncluye datos biográficos del autor en al solapa de la cubierta
500 _aIncluye himno del 14 de junio en la solapa de la contracubierta
505 _a1. Dedicatoria
_t2. Agradecimientos sinceros.--
_t3.- Prólogo.--
_t4. Palabras al lector.--
_t5. Las Espigas.--
_t6. Los Fuegos.--
_t7. El Terror.--
_t8. Los Ramajes.--
590 _aInventariado, 2023 /MF
610 1 4 _aMOVIMIENTO REVOLUCIONARIO 14 DE JUNIO (REPÚBLICA DOMINICANA)
_91373
650 4 _aActividades clandestinas
_91375
650 4 _aMovimientos revolucionarios
_91376
651 0 _aRepública Dominicana
_xHistoria
_yEra de Trujillo, 1930-1961
_978796
651 4 _aRepública Dominicana
_xPolítica y gobierno
_yEra de Trujillo, 1930-1961
700 1 _aRaful, Tony,
_d1951-
_eprólogo
_91377
910 _aBtavárez
942 _2ddc
_cLBS1
999 _c53107
_d53107